000 00302nam a22001337a 4500
008 171102b xxu||||| |||| 00| 0 eng d
020 _a9780030185977
041 _aeng
080 _29TH
_a 339.138
100 _a60
101 _aMAR
245 _aCONTEMPORARY MARKETING
_cKURTZ,D.L
942 _2udc
_cBK
999 _c37337
_d37337